[Event "Titled Tuesday intern op 03rd Jan Early"]
[Site "Chess.com INT"]
[Date "2023.01.03"]
[Round "3"]
[White "Ozdemir, Serhan Berat"]
[Black "Oparin, Grigoriy"]
[Result "0-1"]
[WhiteElo "2200"]
[BlackElo "2670"]
[PlyCount "90"]
[EventDate "2023.01.03"]
[EventType "swiss (blitz)"]
[EventRounds "11"]
[EventCountry "USA"]
[SourceTitle "EXT 2024"]
[Source "ChessBase"]
[SourceDate "2023.10.10"]
[SourceVersion "1"]
[SourceVersionDate "2023.10.10"]
[SourceQuality "1"]

1. e4 d5 2. exd5 Qxd5 3. Nc3 Qd6 4. d4 c6 5. g3 Bf5 6. Bg2 e6 7. Nf3 Qc7 8. 0-0 Nf6 9. Re1 Bd6 10. Ne5 Nbd7 11. Nc4 0-0 12. Nxd6 Qxd6 13. Bf4 Qb4 14. Qd2 Rfe8 15. a3 Qa5 16. b4 Qd8 17. b5 Nd5 18. bxc6 bxc6 19. Ne4 N7b6 20. Nd6 Re7 21. c4 Nxf4 22. Qxf4 Bg6 23. Bxc6 Rb8 24. c5 Nd7 25. Nb7 Qc8 26. Qd6 Nf6 27. Qxe7 Qxc6 28. Rab1 Bxb1 29. Rxb1 Ne4 30. Rb4 Rf8 31. Nd6 Nd2 32. Nxf7 Nf3+ 33. Kf1 Nxh2+ 34. Kg1 Nf3+ 35. Kf1 Qe4 36. Rb2 Nh2+ 37. Kg1 Nf3+ 38. Kf1 Qxd4 39. Nh6+ gxh6 40. Rb7 Nh2+ 41. Kg2 Qxf2+ 42. Kh3 Qf1+ 43. Kh4 Nf3+ 44. Kg4 Ne5+ 45. Kh4 Qh1# 0-1

[Event "Titled Tuesday intern op 03rd Jan Late"]
[Site "Chess.com INT"]
[Date "2023.01.03"]
[Round "1"]
[White "Paravyan, David"]
[Black "Ozdemir, Serhan Berat"]
[Result "1-0"]
[WhiteElo "2586"]
[BlackElo "2200"]
[PlyCount "75"]
[EventDate "2023.01.03"]
[EventType "swiss (blitz)"]
[EventRounds "11"]
[EventCountry "USA"]
[SourceTitle "EXT 2024"]
[Source "ChessBase"]
[SourceDate "2023.10.10"]
[SourceVersion "1"]
[SourceVersionDate "2023.10.10"]
[SourceQuality "1"]

1. e4 c5 2. Nf3 e6 3. d4 cxd4 4. Nxd4 a6 5. Bd3 Nf6 6. 0-0 d6 7. f4 Nbd7 8. Qe2 Qc7 9. c4 g6 10. Nc3 Bg7 11. Be3 0-0 12. Rac1 b6 13. b4 Bb7 14. a3 Rfe8 15. h3 Rac8 16. Kh2 Qb8 17. Nf3 d5 18. cxd5 exd5 19. e5 Nh5 20. g3 f6 21. e6 Rxe6 22. Qf2 Rce8 23. Bd4 R6e7 24. Rce1 Qd8 25. Rxe7 Rxe7 26. Re1 Rxe1 27. Qxe1 Kf7 28. Qd2 f5 29. Ng5+ Kg8 30. Ne6 Qe7 31. Nxg7 Nxg7 32. Ne2 Ne6 33. Bb2 Nf6 34. Qe3 Kf7 35. Qxb6 Ne4 36. Nd4 Nxd4 37. Qxd4 Qc7 38. Qg7+ 1-0